Skoki Narciarskie - Zwycięzcy Konkursów (2010-2019) - Statystyki

Ogólne statystyki
  • Ten quiz został rozwiązany 421 razy
  • Średni wynik to 28 z 48
Statystyki odpowiedzi
Liczba Zwycięstw Kraj Skoczek % Poprawnych
34 Polska Kamil Stoch
100%
17 Austria Stefan Kraft
98%
22 Słowenia Peter Prevc
94%
5 Słowenia Domen Prevc
93%
16 Japonia Ryoyu Kobayashi
93%
1 Japonia Junshiro Kobayashi
91%
1 Polska Piotr Żyła
90%
1 Polska Dawid Kubacki
89%
12 Szwajcaria Simon Ammann
86%
2 Polska Maciej Kot
79%
2 Japonia Noriaki Kasai
78%
5 Czechy Roman Koudelka
78%
22 Niemcy Severin Freund
77%
1 Polska Adam Małysz
75%
27 Austria Gregor Schlierenzauer
73%
3 Niemcy Andreas Wellinger
68%
11 Austria Thomas Morgenstern
68%
8 Niemcy Richard Freitag
66%
1 Polska Jan Ziobro
65%
2 Niemcy Karl Geiger
63%
1 Polska Krzysztof Biegun
62%
3 Norwegia Johann Andre Forfang
61%
7 Norwegia Daniel-Andre Tande
60%
4 Japonia Daiki Ito
58%
5 Austria Michael Hayboeck
54%
2 Norwegia Robert Johansson
54%
6 Słowenia Robert Kranjec
54%
10 Austria Andreas Kofler
53%
6 Norwegia Anders Bardal
51%
1 Rosja Jewgienij Klimow
48%
1 Niemcy Markus Eisenbichler
47%
4 Norwegia Anders Fannemel
45%
2 Czechy Jan Matura
44%
2 Słowenia Jurij Tepes
42%
2 Słowenia Jernej Damjan
40%
1 Słowenia Timi Zajc
40%
1 Japonia Yukiya Sato
37%
5 Norwegia Anders Jacobsen
36%
1 Norwegia Andreas Stjernen
35%
1 Słowenia Anze Semenic
33%
2 Austria Thomas Diethart
33%
1 Finlandia Anssi Koivuranta
32%
5 Austria Martin Koch
32%
1 Norwegia Kenneth Gangnes
30%
1 Finlandia Ville Larinto
28%
1 Norwegia Tom Hilde
26%
1 Słowenia Jaka Hvala
24%
1 Norwegia Johan Remen Evensen
19%
Nie znaleziono quizów pasujących do podanych kryteriów
Rozkład punktacji
Procent ludzi z każdym wynikiem
Percentyl według liczby udzielonych odpowiedzi
Twoja historia wyników
Nie rozwiązałeś tego quizu